000 00488cam a2200193ua 4500
001 7509
008 141211n ii |||gr||||Z||||||asm
040 _cMAIN
041 _aasm
082 _a891.441
100 _aChoudhury, S.,
_eTranslator.
245 1 _aGeetanjali
_cTranslated by Satyen Choudhury
250 _a1st.
260 _aJorhat:
_bGrantha-sanskriti,
_c2003.
300 _a112p.
653 _aEast Indo-European & Celtic literatures
653 _aBengali poems
942 _cBK
999 _c6632
_d6632